Представление документа в формате RUSMARC

ПолеНазваниеЗначение
  Тип записи a
  Библиографический уровень m
001 Контрольный номер 3e34f52138a744bf9f062662dbddf099
005 Дата корректировки 20140722104224.8
010 Индекс ISBN __
a ISBN 5-279-02159-8
200 Заглавие и сведения об ответственности 1_
a Заглавие Главные руководители японских компаний: практика работы
f Первые сведения об ответственности Спицына Ксения Андреевна
210 Выходные данные 1_
a Место издания М.
c Издательство Финансы и статистика
d Дата издания 1999
215 Физическое описание __
a Объем 159 с.
300 Общие примечания __
a Общие примечания 3 экз.
610 Ключевые слова 0_
a Ключевые слова Япония
610 Ключевые слова 0_
a Ключевые слова руководители компаний
610 Ключевые слова 0_
a Ключевые слова налогообложение в Японии
610 Ключевые слова 0_
a Ключевые слова акционерные общества
686 Индексы других классификаций __
a Классификационный индекс 65.9
2 Код системы rubbk
686 Индексы других классификаций __
a Классификационный индекс 65.9(5Я)
2 Код системы rubbk
700 Автор _1
a Фамилия Спицына Ксения Андреевна
801 Источник записи _0
a Страна RU
b Организация РУК
c Дата составления 19991228
g Правила каталогизации PSBO
801 Источник записи _1
a Страна RU
b Организация РУК
c Дата составления 19991228
g Правила каталогизации PSBO
852 Данные о местонахождении __
i Авторский знак С 72
j Шифр хранения ББК 65.9
901 Тип документа __
t Тип документа m
938 Служебная информация __
a Название организации Головной вуз
b Имя БД BOOK
c Название АИБС АИБС ИРБИС